000 00382nam a2200157Ia 4500
008 151213s9999 xx 000 0 und d
100 _aMd.Abul kalam Azad
245 _aThe Panel Code
_cMd.Abul kalam Azad
250 _a2nd
260 _aDhaka
_bLipi Book House
_c2005
300 _a2858 p.
650 _aLaw
650 _aLaw
700 _aMd.Abul kalam Azad
999 _c1966
_d1966